| 000 | 00737nam a22002057a 4500 | ||
|---|---|---|---|
| 008 | 161128b xxu||||| |||| 00| 0 eng d | ||
| 020 | _a9780672330292 | ||
| 050 |
_aTK5105.88 _b.R36 2009 |
||
| 100 | _aRand-Hendriksen, Morten. | ||
| 245 |
_a Sams teach yourself Microsoft Expression Web 2 in 24 hours / _cMorten Rand-Hendriksen. |
||
| 246 | _aeach yourself Microsoft Expression Web 2 in 24 hours | ||
| 246 | _aMicrosoft Expression Web 2 in 24 hours | ||
| 260 |
_aIndianapolis, Ind. : _bSams, _c2009 |
||
| 300 |
_a xii, 465 p. : _bill. ; _c23 cm. |
||
| 440 | _aSams teach yourself | ||
| 500 | _aIncludes index. | ||
| 630 | _eMicrosoft Expression Web. | ||
| 650 |
_aWeb sites _xAuthoring programs. |
||
| 942 |
_2lcc _cBK |
||
| 999 |
_c47474 _d47474 |
||